Derecho internacional humanitario y derechos humanos

Bibliographic Details
Main Author: Gemmell Sagastume, Marco A.
Format: Section = Libro
Language:Undetermined
Spanish
Published: Costa Rica Continental 1997
Subjects:
LEADER 00523nam a2200193Ia 4500
008 240830s9999 xx 000 0 und d
020 |a 9977-02-007-8 
040 |a B-ESTELÍ- RUACS / 341 S129d 
041 |a spa 
082 |a 341 S129d 
100 1 |a Gemmell Sagastume, Marco A. 
245 1 0 |a Derecho internacional humanitario y derechos humanos 
260 |a Costa Rica  |b Continental  |c 1997 
300 |a 397 p. 
650 7 |a DERECHO INTERNACIONAL 
650 7 |b  DERECHOS HUMANOS 
942 |c BK  |2 ddc 
991 |a TEXTO 
999 |c 10800